000 01124nam a2200313 i 4500
003 DO-SdBNP
005 20231020093512.0
007 ta
008 231020b2023 dr abc|| |||| 00| 0 spa d
020 _a9789945242607
040 _aDO-SdBNP
_bspa
_cBNPHU
_erda
082 4 _222
100 _4Almonte Isiano, Ana Iris,
_eautora
245 0 0 _aCiencias Sociales 4 :
_bdel proyecto activamente. Segundo ciclo educación primaria /
_cAna Iris Almonte Ysiano ; editor, Fanny Capellán Almonte, Eric Castro Ricart ; corrección, Mirtha González Gutiérrez
264 _aSanto Domingo :
_bSantillana,
_c2023
300 _avolumen :
_bilustraciones, mapas, retratos ;
_c28 cm.
336 _2rdacontent
_atexto
_btxt
337 _2rdamedia
_asin mediación
_bn
338 _2rdacarrier
_avolumen
_bnc
490 _aProyecto activa mente
590 _aInventariado, 2023/BT
700 1 _aCapellán Almonte, Fanny,
_929833
_eeditor
700 1 _aCastro Ricart, Eric,
_eeditor
_973778
700 1 _aGonzález Gutiérrez, Mirtha,
_ecorrección
_9346
710 _974868
830 _974848
910 _aBtavárez
942 _2ddc
_cLBS1
999 _c55211
_d55211